Formuła 1: zwycięzcy wyścigu w Monako - Statystyki

Ogólne statystyki
  • Ten quiz został rozwiązany 1 144 razy
  • Średni wynik to 42 z 68
Statystyki odpowiedzi
Rok Kierowca: Zespół: Narodowość: % Poprawnych
2008 Lewis Hamilton McLaren Wielka Brytania
99%
2016 Lewis Hamilton Mercedes Wielka Brytania
99%
2019 Lewis Hamilton Mercedes Wielka Brytania
99%
2021 Max Verstappen Red Bull Holandia
99%
2011 Sebastian Vettel Red Bull Niemcy
96%
2017 Sebastian Vettel Ferrari Niemcy
96%
2022 Sergio Pérez Red Bull Meksyk
96%
1994 Michael Schumacher Benetton Niemcy
94%
1995 Michael Schumacher Benetton Niemcy
94%
1997 Michael Schumacher Ferrari Niemcy
94%
1999 Michael Schumacher Ferrari Niemcy
94%
2001 Michael Schumacher Ferrari Niemcy
94%
1987 Ayrton Senna Lotus Brazylia
92%
1989 Ayrton Senna McLaren Brazylia
92%
1990 Ayrton Senna McLaren Brazylia
92%
1991 Ayrton Senna McLaren Brazylia
92%
1992 Ayrton Senna McLaren Brazylia
92%
1993 Ayrton Senna McLaren Brazylia
92%
2006 Fernando Alonso Renault Hiszpania
92%
2007 Fernando Alonso McLaren Hiszpania
92%
2013 Nico Rosberg Mercedes Niemcy
92%
2014 Nico Rosberg Mercedes Niemcy
92%
2015 Nico Rosberg Mercedes Niemcy
92%
1983 Keke Rosberg Williams Finlandia
90%
2018 Daniel Ricciardo Red Bull Australia
89%
2005 Kimi Räikkönen McLaren Finlandia
85%
2010 Mark Webber Red Bull Australia
83%
2012 Mark Webber Red Bull Australia
83%
1984 Alain Prost McLaren Francja
82%
1985 Alain Prost McLaren Francja
82%
1986 Alain Prost McLaren Francja
82%
1988 Alain Prost McLaren Francja
82%
2009 Jenson Button Brawn Wielka Brytania
81%
1975 Niki Lauda Ferrari Austria
72%
1976 Niki Lauda Ferrari Austria
72%
1998 Mika Häkkinen McLaren Finlandia
70%
1950 Juan Manuel Fangio Alfa Romeo Argentyna
68%
1957 Juan Manuel Fangio Maserati Argentyna
68%
2003 Juan Pablo Montoya Williams Kolumbia
56%
1963 Graham Hill BRM Wielka Brytania
50%
1964 Graham Hill BRM Wielka Brytania
50%
1965 Graham Hill BRM Wielka Brytania
50%
1968 Graham Hill Lotus Wielka Brytania
50%
1969 Graham Hill Lotus Wielka Brytania
50%
2000 David Coulthard McLaren Wielka Brytania
45%
2002 David Coulthard McLaren Wielka Brytania
45%
1981 Gilles Villeneuve Ferrari Kanada
41%
1959 Jack Brabham Cooper Australia
41%
2004 Jarno Trulli Renault Włochy
39%
1966 Jackie Stewart BRM Wielka Brytania
36%
1971 Jackie Stewart Tyrrell Wielka Brytania
36%
1973 Jackie Stewart Tyrrell Wielka Brytania
36%
1977 Jody Scheckter Wolf RPA
32%
1979 Jody Scheckter Ferrari RPA
32%
1962 Bruce McLaren Cooper Nowa Zelandia
24%
1996 Olivier Panis Ligier Francja
24%
1970 Jochen Rindt Lotus Austria
21%
1956 Stirling Moss Maserati Wielka Brytania
18%
1960 Stirling Moss Lotus Wielka Brytania
18%
1961 Stirling Moss Lotus Wielka Brytania
18%
1967 Danny Hulme Brabham Nowa Zelandia
16%
1974 Ronnie Peterson Lotus Szwecja
16%
1980 Carlos Reutemann Williams Argentyna
14%
1982 Riccardo Patrese Brabham Włochy
12%
1955 Maurice Trintignant Ferrari Francja
6%
1958 Maurice Trintignant Cooper Francja
6%
1978 Patrick Depailler Tyrrell Francja
6%
1972 Jean-Pierre Beltoise BRM Francja
5%
Nie znaleziono quizów pasujących do podanych kryteriów
Rozkład punktacji
Procent ludzi z każdym wynikiem
Percentyl według liczby udzielonych odpowiedzi
Twoja historia wyników
Nie rozwiązałeś tego quizu